| 000 | 01536nam a2200373 a 4500 | ||
|---|---|---|---|
| 001 | ebr10653857 | ||
| 003 | CaPaEBR | ||
| 006 | m o u | ||
| 007 | cr cn||||||||| | ||
| 008 | 110225s2011 enka sb 001 0 eng d | ||
| 010 | _z 2011008132 | ||
| 020 | _z1848212844 | ||
| 020 | _z9781848212848 | ||
| 020 | _z9781118601952 (e-book) | ||
| 040 |
_aCaPaEBR _cCaPaEBR |
||
| 035 | _a(OCoLC)826121932 | ||
| 050 | 1 | 4 |
_aHD30.255 _b.E595 2011eb |
| 082 | 0 | 4 |
_a658.4/083 _222 |
| 245 | 0 | 0 |
_aEnvironmental scanning and sustainable development _h[electronic resource] / _cedited by Nicolas Lesca. |
| 260 |
_aLondon : _bISTE ; _aHoboken, N.J. : _bWiley, _c2011. |
||
| 300 |
_axvi, 293 p. : _bill. |
||
| 500 | _a"Adapted and updated from Veille et developpement durable published 2010 in France by Hermes Science/Lavoisier"--T.p. Verso. | ||
| 504 | _aIncludes bibliographical references and index. | ||
| 533 |
_aElectronic reproduction. _bPalo Alto, Calif. : _cebrary, _d2015. _nAvailable via World Wide Web. _nAccess may be limited to ebrary affiliated libraries. |
||
| 650 | 0 |
_aManagement _xEnvironmental aspects. |
|
| 650 | 0 | _aSustainable development. | |
| 650 | 0 |
_aStrategic planning _xEnvironmental aspects. |
|
| 650 | 0 | _aBusiness intelligence. | |
| 655 | 7 |
_aElectronic books. _2local |
|
| 700 | 1 | _aLesca, Nicolas. | |
| 710 | 2 | _aebrary, Inc. | |
| 730 | 0 | _aVeille et developpement durable. | |
| 856 | 4 | 0 |
_uhttp://site.ebrary.com/lib/rucke/Doc?id=10653857 _zAn electronic book accessible through the World Wide Web; click to view |
| 999 |
_c76700 _d76700 |
||